<?xml version="1.0" encoding="UTF-8"?>
<collection xmlns="http://www.loc.gov/MARC21/slim">
 <record>
  <leader>01060nam0a2200241   4500</leader>
  <controlfield tag="001">in00000004214</controlfield>
  <controlfield tag="005">20230616104526.1</controlfield>
  <datafield tag="010" ind1=" " ind2=" ">
   <subfield code="a">978-7-5719-1694-7</subfield>
   <subfield code="d">CNY45.00</subfield>
  </datafield>
  <datafield tag="035" ind1=" " ind2=" ">
   <subfield code="a">012204886</subfield>
  </datafield>
  <datafield tag="100" ind1=" " ind2=" ">
   <subfield code="a">20230320d2023    em y0chiy50      ea</subfield>
  </datafield>
  <datafield tag="101" ind1="0" ind2=" ">
   <subfield code="a">chi</subfield>
  </datafield>
  <datafield tag="102" ind1=" " ind2=" ">
   <subfield code="a">CN</subfield>
   <subfield code="b">230000</subfield>
  </datafield>
  <datafield tag="105" ind1=" " ind2=" ">
   <subfield code="a">a   z   000yy</subfield>
  </datafield>
  <datafield tag="106" ind1=" " ind2=" ">
   <subfield code="a">r</subfield>
  </datafield>
  <datafield tag="200" ind1="1" ind2=" ">
   <subfield code="a">10分钟微运动赶走小病小痛</subfield>
   <subfield code="9">10 fen zhong wei yun dong gan zou xiao bing xiao tong</subfield>
   <subfield code="f">罗云涛，邓旭主编</subfield>
  </datafield>
  <datafield tag="210" ind1=" " ind2=" ">
   <subfield code="a">哈尔滨</subfield>
   <subfield code="c">黑龙江科学技术出版社</subfield>
   <subfield code="d">2023</subfield>
  </datafield>
  <datafield tag="215" ind1=" " ind2=" ">
   <subfield code="a">166页</subfield>
   <subfield code="c">彩图</subfield>
   <subfield code="d">24cm</subfield>
  </datafield>
  <datafield tag="330" ind1=" " ind2=" ">
   <subfield code="a">本书共分为三章。第一章针对现代社会的几十个常见病症，介绍了微运动的一些小窍门，达到预防缓解身体不适的作用。第二、三章针对五脏六腑进行了两方面解读：一是简述基础知识，二是详解保养动作指南。</subfield>
  </datafield>
  <datafield tag="606" ind1="0" ind2=" ">
   <subfield code="a">健身运动</subfield>
  </datafield>
  <datafield tag="690" ind1=" " ind2=" ">
   <subfield code="a">G883</subfield>
   <subfield code="v">5</subfield>
  </datafield>
  <datafield tag="701" ind1=" " ind2="0">
   <subfield code="a">罗云涛</subfield>
   <subfield code="9">luo yun tao</subfield>
   <subfield code="4">主编</subfield>
  </datafield>
  <datafield tag="701" ind1=" " ind2="0">
   <subfield code="a">邓旭</subfield>
   <subfield code="9">deng xu</subfield>
   <subfield code="4">主编</subfield>
  </datafield>
  <datafield tag="999" ind1="f" ind2="f">
   <subfield code="s">12d081c8-d3fb-4144-89f2-8f9b1beb228e</subfield>
   <subfield code="i">5cab9955-de4a-42e5-8dbe-6950f9abf24a</subfield>
  </datafield>
 </record>
</collection>
